Pháp luật Việt Nam về sáp nhập và mua lại tổ chức tín dụng - Thực trạng và giải pháp hoàn thiện : Luận văn Thạc sĩ Luật học chuyên ngành Luật kinh tế
Đề tài trình bày lý luận chung về sáp nhập, mua lại tổ chức tín dụng. Thực trạng pháp luật về sáp nhập, mua lại tổ chức tín dụng.
Bewaard in:
| Hoofdauteur: | |
|---|---|
| Formaat: | Boek |
| Taal: | Undetermined |
| Gepubliceerd in: |
Cần Thơ
Trường Đại học Cần Thơ
2014
|
| Onderwerpen: | |
| Tags: |
Voeg label toe
Geen labels, Wees de eerste die dit record labelt!
|
| Thư viện lưu trữ: | Trung tâm Học liệu Trường Đại học Cần Thơ |
|---|
| LEADER | 01171nam a2200241Ia 4500 | ||
|---|---|---|---|
| 001 | CTU_191702 | ||
| 008 | 210402s9999 xx 000 0 und d | ||
| 082 | |a 346.597073 | ||
| 082 | |b Nh304 | ||
| 088 | |a 60380107 | ||
| 100 | |a Phan, Hữu Nhiệm | ||
| 245 | 0 | |a Pháp luật Việt Nam về sáp nhập và mua lại tổ chức tín dụng - Thực trạng và giải pháp hoàn thiện : | |
| 245 | 0 | |b Luận văn Thạc sĩ Luật học chuyên ngành Luật kinh tế | |
| 245 | 0 | |c Phan Hữu Nhiệm ; Lê Vũ Nam (Hướng dẫn khoa học) | |
| 260 | |a Cần Thơ | ||
| 260 | |b Trường Đại học Cần Thơ | ||
| 260 | |c 2014 | ||
| 520 | |a Đề tài trình bày lý luận chung về sáp nhập, mua lại tổ chức tín dụng. Thực trạng pháp luật về sáp nhập, mua lại tổ chức tín dụng. | ||
| 650 | |a Tín dụng,Credit | ||
| 650 | |x Luật và các văn bản quy phạm pháp luật,Law and legislation | ||
| 650 | |z Việt Nam,Vietnam | ||
| 910 | |a Hải | ||
| 980 | |a Trung tâm Học liệu Trường Đại học Cần Thơ | ||